Testing the restrictions implied by the rational expectations hypothesis (Registro nro. 26147)
[ vista simple ]
| 000 -LEADER | |
|---|---|
| fixed length control field | 00394 a2200121 4500 |
| 001 - CONTROL NUMBER | |
| control field | ART_12163 |
| 005 - DATE AND TIME OF LATEST TRANSACTION | |
| control field | 20260410161903.0 |
| 008 - FIXED-LENGTH DATA ELEMENTS--GENERAL INFORMATION | |
| fixed length control field | 260409a |
| 100 1# - MAIN ENTRY--PERSONAL NAME | |
| Personal name | Schmidt, Peter |
| 245 10 - TITLE STATEMENT | |
| Title | Testing the restrictions implied by the rational expectations hypothesis |
| 700 1# - ADDED ENTRY--PERSONAL NAME | |
| Personal name | Hoffman, Dennis L. |
| 773 0# - HOST ITEM ENTRY | |
| Title | Journal of econometrics |
| Related parts | - Vol. 15, Nº 2 (feb. 1981) |
| Record control number | REV11720 |
No hay ítems disponibles.